Let's Talk Turkey (Thanksgiving Quiz) Stats

Quiz Updated Nov 24, 2011

Challenge
Share
Tweet
Embed
Score 0/20 Timer 03:00
3 Plays Today
Turkey Q: Turkey A: % Correct
What country has the largest turkey population?United States
95.3%
What are most domesticated turkeys unable to do due to their weight?Fly
73.3%
What turkey bone is pulled by two people to make a wish?Wishbone
69.2%
Turkeys have exceptional hearing despite not having what on their exterior?Ears
67.3%
Which Founding Father wanted the turkey to be the national bird of the U.S.?Benjamin Franklin
64.5%
What is a male turkey called?Tom
63.6%
Which feathers do male turkeys fan out to attract a mate?Tail
61.6%
Nearly what percent of U.S. households eat turkey on Thanksgiving?90%
59.9%
What two astronauts (name either) ate turkey on the moon?Neil Armstrong and Buzz Aldrin
54.2%
Domesticated turkeys are commonly bred to have what color feathers?White
52.6%
Turkey Q: Turkey A: % Correct
Approximately what percent of a turkey is white meat?70%
51.1%
What brand of turkey is the biggest seller in the U.S.?Butterball
47%
What is a female turkey called?Hen
47%
What is a group of turkeys called?Rafter
41%
What month is National Turkey Lovers Month?June
37.6%
What dance from the early 1900s is named after turkeys?Turkey Trot
29.8%
What is the name of the bright red appendage on a turkey's neck?Wattle
14.9%
What U.S. state produces the most turkeys?Minnesota
9.6%
What is a baby turkey called?Poult
5.4%
What country has the highest per-capita consumption of turkey?Israel
5%

You're not logged in!

Compare scores with friends on all Sporcle quizzes.
Join for Free
OR
Log In

You Might Also Like...

Show Comments

Extras

Top Quizzes Today


Score Distribution

Your Account Isn't Verified!

In order to create a playlist on Sporcle, you need to verify the email address you used during registration. Go to your Sporcle Settings to finish the process.

Report this User

Report this user for behavior that violates our Community Guidelines.

Details: